Kỹ thuật trồng rau

Uloženo v:
Podrobná bibliografie
Hlavní autor: Phạm, Hồng Cúc
Médium: Kniha
Jazyk:Undetermined
Vydáno: Tp. HCM Nông nghiệp 2001
Témata:
Tagy: Přidat tag
Žádné tagy, Buďte první, kdo otaguje tento záznam!
Thư viện lưu trữ: Trung tâm Học liệu Trường Đại học Cần Thơ
LEADER 00540nam a2200193Ia 4500
001 CTU_42626
008 210402s9999 xx 000 0 und d
082 |a 635 
082 |b C596 
100 |a Phạm, Hồng Cúc 
245 0 |a Kỹ thuật trồng rau 
245 0 |c Phạm Hồng Cúc, Trần Thị Ba, Trần Văn Hai 
260 |a Tp. HCM 
260 |b Nông nghiệp 
260 |c 2001 
526 |a Cây rau 
526 |b NN187 
650 |a vegetables 
980 |a Trung tâm Học liệu Trường Đại học Cần Thơ